[Event "The World Rapid Team Championship"]
[Site "Duesseldorf GER"]
[Date "2023.08.26"]
[EventDate "2023.08.26"]
[Round "1.6"]
[Result "0-1"]
[White "Gordon Fowler"]
[Black "D Gukesh"]
[WhiteElo "1995"]
[BlackElo "2751"]
[PlyCount "70"]

1. e4 c6 2. d4 d5 3. e5 Bf5 4. c4 e6 5. Nc3 Ne7 6. a3 Nd7 7. c5 b6 8. b4 a5 9.
Be3 Bg6 10. f4 Nf5 11. Bf2 h5 12. Nf3 h4 13. Be2 bxc5 14. bxc5 Be7 15. Bd3 Bh5
16. Bxf5 exf5 17. Qd3 g6 18. Nd2 Nf8 19. Rb1 Ne6 20. Be3 O-O 21. Na4 f6 22. O-O
fxe5 23. fxe5 f4 24. Bf2 Ra7 25. Rb6 Qe8 26. Rfb1 f3 27. gxf3 Nf4 28. Qb3 Qd7
29. Qd1 Bg5 30. R1b3 Nh3+ 31. Kg2 Bxd2 32. Qxd2 Bxf3+ 33. Rxf3 Qg4+ 34. Rg3 hxg3
35. Bxg3 Raf7 0-1

[Event "The World Rapid Team Championship"]
[Site "Duesseldorf GER"]
[Date "2023.08.26"]
[EventDate "2023.08.26"]
[Round "2.6"]
[Result "1-0"]
[White "D Gukesh"]
[Black "Moritz Runte"]
[WhiteElo "2751"]
[BlackElo "2185"]
[PlyCount "58"]

1. d4 d5 2. c4 c6 3. Nf3 Nf6 4. Qc2 dxc4 5. Qxc4 Bf5 6. g3 e6 7. Bg2 Nbd7 8. O-O
Be7 9. Nc3 Ne4 10. Qb3 Qb6 11. Ne1 Ndf6 12. f3 Nxc3 13. bxc3 e5 14. e4 Be6 15.
Qa4 Rd8 16. Nc2 O-O 17. Ba3 c5 18. Rab1 Qc6 19. Qxa7 exd4 20. cxd4 Bc4 21. Rfd1
Ba6 22. Bxc5 Bxc5 23. Qxc5 Qa4 24. Rb2 Rc8 25. Qb4 Rc4 26. Qxa4 Rxa4 27. d5 Nd7
28. Ne3 Rc8 29. Bh3 1-0

[Event "The World Rapid Team Championship"]
[Site "Duesseldorf GER"]
[Date "2023.08.26"]
[EventDate "2023.08.26"]
[Round "4.5"]
[Result "0-1"]
[White "Rasmus Svane"]
[Black "D Gukesh"]
[WhiteElo "2631"]
[BlackElo "2751"]
[PlyCount "68"]

1. Nf3 c5 2. c4 Nc6 3. Nc3 Nf6 4. e3 e5 5. Be2 d5 6. cxd5 Nxd5 7. O-O Be7 8. Bb5
Nxc3 9. dxc3 Qc7 10. Qd5 f6 11. Bc4 Rf8 12. e4 Bd7 13. Qd3 O-O-O 14. Qe2 f5 15.
Ng5 f4 16. Ne6 Bxe6 17. Bxe6+ Kb8 18. f3 Rd6 19. Bd5 g5 20. Bd2 h5 21. Rad1 Rg6
22. Bxc6 Qxc6 23. c4 g4 24. Bc3 Bd6 25. Rd5 Rfg8 26. Rfd1 Bc7 27. R1d2 Qe6 28.
Qd1 a6 29. b3 h4 30. fxg4 Rxg4 31. R5d3 Qg6 32. Qf3 h3 33. g3 fxg3 34. hxg3
Rxg3+ 0-1

[Event "The World Rapid Team Championship"]
[Site "Duesseldorf GER"]
[Date "2023.08.27"]
[EventDate "2023.08.26"]
[Round "5.7"]
[Result "1-0"]
[White "D Gukesh"]
[Black "Kenny Solomon"]
[WhiteElo "2751"]
[BlackElo "2324"]
[PlyCount "76"]

1. d4 Nf6 2. c4 e6 3. g3 d5 4. Bg2 Bb4+ 5. Bd2 Be7 6. Nf3 O-O 7. O-O c6 8. Qc2
Nbd7 9. Rd1 b6 10. b3 a5 11. Bc3 Ba6 12. Nbd2 b5 13. e4 dxc4 14. bxc4 bxc4 15.
Bf1 a4 16. Bxc4 Bxc4 17. Nxc4 Qc7 18. Rac1 Rfc8 19. Nfe5 Qa7 20. Rb1 Qa6 21. Bd2
h6 22. Bf4 a3 23. Kg2 Re8 24. Rb3 Qa4 25. Qe2 Bf8 26. Bc1 Rab8 27. Bxa3 Rxb3 28.
axb3 Qxb3 29. Bxf8 Nxf8 30. Nd6 Ra8 31. Nxc6 Ra2 32. Qf3 Qxf3+ 33. Kxf3 g5 34.
Ne5 Ng6 35. Ndxf7 g4+ 36. Ke3 Nxe5 37. Nxh6+ Kh7 38. dxe5 1-0

[Event "The World Rapid Team Championship"]
[Site "Duesseldorf GER"]
[Date "2023.08.27"]
[EventDate "2023.08.26"]
[Round "6.3"]
[Result "0-1"]
[White "Vladimir Kramnik"]
[Black "D Gukesh"]
[WhiteElo "2753"]
[BlackElo "2751"]
[PlyCount "86"]

1. e4 c5 2. Nf3 e6 3. d4 cxd4 4. Nxd4 Nc6 5. Nc3 Qc7 6. Be3 a6 7. Be2 Nf6 8. O-O
Be7 9. f4 d6 10. a4 O-O 11. Kh1 Nxd4 12. Qxd4 Bd7 13. a5 Bc6 14. Bf3 Rac8 15.
Qd2 Qb8 16. Rfd1 Nd7 17. Ne2 Rfd8 18. Nd4 Nf6 19. Nxc6 bxc6 20. Bb6 Re8 21. Qe2
d5 22. exd5 cxd5 23. Qxa6 Rxc2 24. Qb5 Qxf4 25. a6 Ra8 26. Bg1 Bd6 27. Ra4 Qe5
28. a7 Qxb2 29. Qf1 h6 30. Bd4 Qb3 31. Ra6 Bc7 32. Be2 Ne4 33. Bh5 f6 34. Rxe6
Ng3+ 35. hxg3 Qxg3 36. Be5 Bxe5 37. Rxe5 Qxe5 38. Bg6 Rc4 39. Qf2 Qg5 40. Bf5
Qh4+ 41. Qxh4 Rxh4+ 42. Kg1 Rxa7 43. Rxd5 Kf7 0-1

[Event "The World Rapid Team Championship"]
[Site "Duesseldorf GER"]
[Date "2023.08.27"]
[EventDate "2023.08.26"]
[Round "7.3"]
[Result "1-0"]
[White "D Gukesh"]
[Black "Ivan Saric"]
[WhiteElo "2751"]
[BlackElo "2657"]
[PlyCount "84"]

1. d4 Nf6 2. c4 e6 3. g3 Bb4+ 4. Bd2 a5 5. Bg2 d5 6. Nf3 O-O 7. Qc1 Be7 8. O-O
c6 9. Bf4 Nbd7 10. Rd1 Nh5 11. Bg5 Nhf6 12. Nc3 h6 13. Bf4 dxc4 14. Nd2 g5 15.
Be3 Nb6 16. Nf3 Nfd5 17. Bd2 f6 18. Qb1 Qe8 19. e4 Nxc3 20. bxc3 Na4 21. Qc2 b5
22. d5 e5 23. Be3 cxd5 24. exd5 Bd6 25. Re1 Bd7 26. Nd2 f5 27. Bd4 Qb8 28. Be3
Rf6 29. g4 Qf8 30. gxf5 Bxf5 31. Ne4 Bxe4 32. Bxe4 Rb8 33. h4 Bc5 34. hxg5 hxg5
35. Kg2 Qc8 36. Kg3 Rbb6 37. Rh1 Bxe3 38. fxe3 Nc5 39. d6 Nxe4+ 40. Qxe4 Qd7 41.
Qa8+ Kg7 42. Qh8+ 1-0

[Event "The World Rapid Team Championship"]
[Site "Duesseldorf GER"]
[Date "2023.08.27"]
[EventDate "2023.08.26"]
[Round "8.9"]
[Result "1-0"]
[White "Jan-Krzysztof Duda"]
[Black "D Gukesh"]
[WhiteElo "2732"]
[BlackElo "2751"]
[PlyCount "78"]

1. d4 Nf6 2. c4 e6 3. Nf3 d5 4. g3 Bb4+ 5. Bd2 Be7 6. Bg2 O-O 7. O-O c6 8. Qc2
Nbd7 9. Rd1 a5 10. Bf4 h6 11. h4 Nh5 12. Bc1 f5 13. Ne5 Bd6 14. Bf3 Qe8 15. Nd3
Qg6 16. Bxh5 Qxh5 17. Bf4 Be7 18. Nd2 g5 19. Bc7 gxh4 20. Nf3 Kh7 21. Kg2 h3+
22. Kh2 Bg5 23. c5 Nf6 24. Rh1 Bd7 25. Nf4 Bxf4 26. Bxf4 Rg8 27. Kg1 Rg4 28. Qc1
Rag8 29. a4 Ne4 30. Ra3 Be8 31. Rb3 R4g7 32. Kf1 Ng5 33. Rh2 Ne4 34. Qe1 Qf7 35.
Bxh6 Rxg3 36. fxg3 Nxg3+ 37. Kf2 Ne4+ 38. Ke3 Rg3 39. Bf4 1-0

[Event "The World Rapid Team Championship"]
[Site "Duesseldorf GER"]
[Date "2023.08.28"]
[EventDate "2023.08.26"]
[Round "10.4"]
[Result "1/2-1/2"]
[White "D Gukesh"]
[Black "Or Bronstein"]
[WhiteElo "2751"]
[BlackElo "2459"]
[PlyCount "180"]

1. d4 Nf6 2. c4 e6 3. g3 Bb4+ 4. Bd2 a5 5. Bg2 O-O 6. Nf3 d5 7. Qc1 Nbd7 8. O-O
Be7 9. Rd1 c6 10. Bf4 h6 11. Nc3 a4 12. Ne5 Nh5 13. Bd2 Nhf6 14. e4 Nxe5 15.
dxe5 Ng4 16. exd5 Qb6 17. Be1 exd5 18. cxd5 Nxe5 19. Qf4 Ng6 20. Qe4 a3 21. bxa3
Bf6 22. dxc6 bxc6 23. Rab1 Qc5 24. Na4 Qh5 25. Qxc6 Bg4 26. Rd5 Ne5 27. Qb5 Be2
28. Qb4 Qg6 29. Nb6 Rab8 30. Qe4 Qxe4 31. Bxe4 Nf3+ 32. Bxf3 Bxf3 33. Rdb5 Bd4
34. a4 Rfe8 35. a5 Re2 36. R5b4 Bc5 37. Rf4 Be4 38. Rc1 Bd4 39. Kf1 g5 40. Kxe2
gxf4 41. Rc4 f3+ 42. Kd1 Rd8 43. Kc1 Bb7 44. Rc7 Re8 45. Kd1 Ba6 46. Rd7 Be2+
47. Kc2 Bc5 48. Rd5 Bf8 49. Bc3 Ba6 50. Nd7 Re2+ 51. Rd2 f5 52. Ne5 Bb7 53. Rxe2
fxe2 54. Kd2 Ba6 55. Nd3 Kf7 56. Kxe2 Ke6 57. Kd2 Kd5 58. f3 Bd6 59. Ke3 Kc4 60.
Bg7 h5 61. Be5 Ba3 62. Nf4 Bc1+ 63. Kf2 Bxf4 64. Bxf4 Bb7 65. Ke3 Kb4 66. Bc7
Kc4 67. Bb6 Kb5 68. a4+ Kxa4 69. f4 Kb5 70. Kd4 Bg2 71. Ke5 Bh3 72. Kf6 Bg4 73.
Kg5 Kc6 74. Kh4 Bf3 75. h3 Bg2 76. Bd4 Kb5 77. Bc3 Bf1 78. g4 hxg4 79. hxg4 fxg4
80. f5 Kc6 81. Bd4 Kd5 82. f6 Ke6 83. Kxg4 Bc4 84. Kg5 Kd7 85. a6 Kc7 86. Ba7
Kc6 87. Bd4 Kc7 88. Kf5 Kb8 89. Ke5 Ka8 90. Kd6 Bb3 1/2-1/2

[Event "The World Rapid Team Championship"]
[Site "Duesseldorf GER"]
[Date "2023.08.28"]
[EventDate "2023.08.26"]
[Round "11.5"]
[Result "1-0"]
[White "D Gukesh"]
[Black "Robert Baskin"]
[WhiteElo "2751"]
[BlackElo "2451"]
[PlyCount "110"]

1. c4 c6 2. Nf3 d5 3. g3 Nf6 4. Bg2 dxc4 5. O-O Nbd7 6. a4 a5 7. Na3 Nb6 8. Qc2
g6 9. Nxc4 Nxc4 10. Qxc4 Bg7 11. d3 O-O 12. e4 Bg4 13. Be3 Nd7 14. d4 e5 15. d5
cxd5 16. exd5 e4 17. Qxe4 Bf5 18. Qc4 Bxb2 19. Ra2 Bg7 20. Bd4 Nb6 21. Qc1 Be4
22. Qe3 Bxd4 23. Qxe4 Bg7 24. Rd1 Qd6 25. Qb1 Qb4 26. Qd3 Nxa4 27. Rb1 Nc5 28.
Qd1 Qc3 29. Rc2 Qa3 30. Nd4 Qd3 31. Rd2 Qa6 32. Nb5 Rad8 33. d6 a4 34. Bd5 Rd7
35. Rc2 b6 36. h4 Qc8 37. h5 Rdd8 38. Rc4 Qf5 39. hxg6 hxg6 40. Rf4 Qd3 41. Qxd3
Nxd3 42. Rxa4 Be5 43. Rg4 Kg7 44. Rd1 Nxf2 45. Kxf2 Bxd6 46. Kg2 Bc5 47. Rf4 f5
48. Nc7 Rf6 49. Rff1 Rc8 50. Ne6+ Rxe6 51. Bxe6 Ra8 52. g4 fxg4 53. Kg3 Re8 54.
Rd7+ Kh6 55. Kxg4 1-0

[Event "The World Rapid Team Championship"]
[Site "Duesseldorf GER"]
[Date "2023.08.28"]
[EventDate "2023.08.26"]
[Round "12.8"]
[Result "0-1"]
[White "Ivan Sidletskyi"]
[Black "D Gukesh"]
[WhiteElo "2354"]
[BlackElo "2751"]
[PlyCount "140"]

1. e4 e6 2. d4 d5 3. Nd2 c5 4. Ngf3 cxd4 5. Nxd4 Nf6 6. exd5 Nxd5 7. N2f3 Be7 8.
Bb5+ Bd7 9. Bxd7+ Nxd7 10. O-O O-O 11. c4 N5f6 12. b3 Qc7 13. Qe2 Bc5 14. Bb2
Rfe8 15. Rad1 a6 16. Nc2 Rad8 17. Ne5 Nxe5 18. Rxd8 Rxd8 19. Bxe5 Qc6 20. Bxf6
gxf6 21. Rd1 Rxd1+ 22. Qxd1 Qe4 23. Ne1 Kg7 24. Nd3 Bd6 25. h3 f5 26. Qd2 h6 27.
Qe3 e5 28. Qxe4 fxe4 29. Ne1 f5 30. Kf1 Kf6 31. Ke2 Ke6 32. Nc2 f4 33. g4 Kf6
34. Ne1 Bb4 35. Nc2 Bc5 36. b4 Be7 37. c5 Kg5 38. Kf1 Kh4 39. Kg2 a5 40. a3 a4
41. f3 e3 42. Ne1 Kg5 43. Kf1 Kf6 44. Ke2 Ke6 45. Kd3 Kd5 46. Ng2 b6 47. cxb6
Kc6 48. h4 Kxb6 49. h5 Kc6 50. Ne1 Kd5 51. Nc2 Bh4 52. b5 Be7 53. b6 Kc6 54. Ke4
e2 55. Kxe5 Bxa3 56. Kxf4 Bc1+ 57. Ke4 Bd2 58. Nd4+ Kxb6 59. Nxe2 a3 60. Nd4 Kc5
61. Kd3 a2 62. Nb3+ Kb4 63. Kc2 Bc3 64. f4 Bh8 65. g5 Bg7 66. gxh6 Bh8 67. h7
Bg7 68. f5 Bh8 69. h6 Bf6 70. h8=Q Bxh8 0-1

[Event "The World Rapid Team Championship"]
[Site "Duesseldorf GER"]
[Date "2023.08.28"]
[EventDate "2023.08.26"]
[Round "9.3"]
[Result "1/2-1/2"]
[White "Shant Sargsyan"]
[Black "D Gukesh"]
[WhiteElo "2639"]
[BlackElo "2751"]
[PlyCount "56"]

1. d4 Nf6 2. c4 e6 3. Nf3 d5 4. g3 Bb4+ 5. Bd2 Be7 6. Bg2 O-O 7. O-O c6 8. Qc2
Nbd7 9. Rc1 a5 10. e3 b5 11. cxb5 cxb5 12. Bf1 Ba6 13. a3 Bd6 14. Qd1 Qb6 15.
Qe1 b4 16. Bxa6 bxa3 17. bxa3 Qxa6 18. a4 Nb6 19. Nc3 Nc4 20. Nb5 Ne4 21. Qd1
Rfc8 22. Be1 Bb4 23. Ne5 Bxe1 24. Qxe1 Ned2 25. Qd1 Nxe5 26. dxe5 Nc4 27. Qd4
Rc6 28. Rc3 Qb6 1/2-1/2

[Event "Qatar Masters Open 2023"]
[Site "Doha QAT"]
[Date "2023.10.13"]
[EventDate "2023.10.11"]
[Round "3.13"]
[Result "0-1"]
[White "Sandipan Chanda"]
[Black "D Gukesh"]
[WhiteElo "2496"]
[BlackElo "2758"]
[PlyCount "120"]

1. d4 d5 2. Nf3 Nf6 3. Bf4 c5 4. e3 Nc6 5. h3 g6 6. Nc3 Bg7 7. dxc5 Qa5 8. Nd2
Nh5 9. Bh2 Bxc3 10. bxc3 Qxc3 11. Be2 Nf6 12. O-O O-O 13. Nb3 Bf5 14. Nd4 Qxc5
15. Nxf5 gxf5 16. Rb1 e6 17. Rxb7 Rfd8 18. Bd3 Qf8 19. Qa1 Ne4 20. Rc7 Rac8 21.
Rxc8 Rxc8 22. Ba6 Rd8 23. f3 Nc5 24. Bb5 Ne7 25. Be5 Ng6 26. Bf6 Rb8 27. Bd3 Qd6
28. f4 Rc8 29. h4 Nd7 30. h5 Nxf6 31. Qxf6 Qe7 32. Qd4 Nf8 33. Rb1 h6 34. Qb4
Qc7 35. Qb7 Qc5 36. Kh2 Rd8 37. Qb2 Qe7 38. Kh3 Nd7 39. Qb4 Nc5 40. Rg1 Kf8 41.
Qb2 d4 42. exd4 Qf6 43. Qa3 Qxd4 44. Rf1 Rd7 45. Rf3 Kg7 46. Qc1 Rb7 47. Qe1 Kf8
48. Qa5 Rb1 49. Kh2 Rb7 50. Ba6 Re7 51. Bf1 Ne4 52. Rd3 Qf6 53. Qd8+ Kg7 54. g3
Nf2 55. Rb3 Ng4+ 56. Kg1 Qa1 57. c4 e5 58. Rd3 Qxa2 59. Rd2 Qa3 60. Kh1 Qf3+ 0-1

[Event "Qatar Masters Open 2023"]
[Site "Doha QAT"]
[Date "2023.10.14"]
[EventDate "2022.10.11"]
[Round "4.6"]
[Result "1-0"]
[White "D Gukesh"]
[Black "Mert Yilmazyerli"]
[WhiteElo "2758"]
[BlackElo "2533"]
[PlyCount "108"]

1. e4 e5 2. Nf3 Nf6 3. Nxe5 d6 4. Nd3 Nxe4 5. Nf4 d5 6. d4 Be7 7. Bd3 O-O
8. O-O Nf6 9. h3 Re8 10. Re1 Bd6 11. Rxe8+ Qxe8 12. Nc3 c6 13. Bd2 Nbd7 14.
Qf3 Nf8 15. Re1 Qd8 16. Nce2 Bd7 17. b3 Qb6 18. Rb1 Re8 19. c4 Bb4 20. Be3
Qa5 21. a3 Bd6 22. b4 Qxa3 23. c5 Bc7 24. Bc1 Qa2 25. Nc3 Re1+ 26. Kh2 Qxb1
27. Nxb1 Rxc1 28. g3 Re1 29. Ne2 Ne6 30. Qe3 h6 31. f4 g5 32. Qd2 Rxe2+ 33.
Bxe2 gxf4 34. Nc3 fxg3+ 35. Kh1 Bf4 36. Qd3 Ng5 37. Bf1 Nfe4 38. Nxe4 dxe4
39. Qe2 Be6 40. Bg2 f5 41. h4 Nf7 42. Bh3 e3 43. Kg1 Kg7 44. Qf3 e2 45.
Qxe2 Kf6 46. Bg2 a6 47. Qd3 h5 48. Bf3 Nh6 49. Bxh5 Ng4 50. Bxg4 fxg4 51.
Qe4 Bc7 52. h5 Bf5 53. Qe3 Be6 54. Qh6+ 1-0

[Event "Qatar Masters Open 2023"]
[Site "Doha QAT"]
[Date "2023.10.15"]
[EventDate "2022.10.11"]
[Round "5.3"]
[Result "1-0"]
[White "SL Narayanan"]
[Black "D Gukesh"]
[WhiteElo "2651"]
[BlackElo "2758"]
[PlyCount "116"]

1. d4 Nf6 2. c4 e6 3. Nf3 d5 4. Nc3 Nbd7 5. cxd5 exd5 6. Bg5 Bb4 7. Nd2 c6
8. e3 Nf8 9. Bd3 Ng6 10. O-O O-O 11. a3 Bd6 12. f4 h6 13. Bxf6 Qxf6 14. Nf3
Bg4 15. Qc2 Bxf3 16. Rxf3 Rfe8 17. Kh1 Re7 18. Raf1 Rae8 19. Nd1 Nf8 20. g4
g6 21. Qg2 Qg7 22. g5 hxg5 23. fxg5 Nh7 24. h4 c5 25. Bb5 Rd8 26. Nc3 cxd4
27. Nxd5 Re4 28. Rh3 Re5 29. exd4 Rf5 30. Rxf5 gxf5 31. Qf2 Rc8 32. Rc3
Rxc3 33. bxc3 Qg6 34. Bd3 Qe6 35. c4 f4 36. Nxf4 Bxf4 37. Bxh7+ Kxh7 38.
Qxf4 Qxc4 39. h5 b5 40. Qe4+ Kg8 41. Qe8+ Kh7 42. g6+ fxg6 43. Qxg6+ Kh8
44. Qf6+ Kh7 45. Qf5+ Kg7 46. d5 a5 47. Qe5+ Kh6 48. d6 b4 49. axb4 axb4
50. Qf6+ Kxh5 51. Qf5+ Kh6 52. d7 Qh4+ 53. Kg2 Qd8 54. Qe6+ Kg7 55. Kh3 b3
56. Qe8 Qf6 57. d8=Q Qf3+ 58. Kh4 1-0

[Event "Qatar Masters Open 2023"]
[Site "Doha QAT"]
[Date "2023.10.17"]
[EventDate "2022.10.11"]
[Round "6.8"]
[Result "1-0"]
[White "D Gukesh"]
[Black "Rameshbabu Vaishali"]
[WhiteElo "2758"]
[BlackElo "2448"]
[PlyCount "84"]

1. c4 e6 2. Nf3 d5 3. d4 c5 4. cxd5 exd5 5. g3 Nf6 6. Bg2 Nc6 7. O-O Be7 8.
Nc3 O-O 9. Bg5 c4 10. e3 Be6 11. Nd2 h6 12. Bxf6 Bxf6 13. b3 cxb3 14. Qxb3
Na5 15. Qb2 Qd7 16. Rfc1 Rac8 17. a4 a6 18. Qa2 Rfd8 19. Rab1 Be7 20. Ne2
Rxc1+ 21. Rxc1 Bb4 22. Nb3 Nc4 23. Nf4 b6 24. Na1 Rc8 25. h4 Ba3 26. Rc3
Bb4 27. Rc2 b5 28. axb5 axb5 29. Rc1 Bd2 30. Rb1 b4 31. Nb3 Bc3 32. Nc5 Qd6
33. Rc1 Rb8 34. Qa7 b3 35. Nfxe6 b2 36. Rb1 fxe6 37. Nxe6 Qxe6 38. Qxb8+
Kh7 39. Qb3 Qf5 40. e4 dxe4 41. Qxc3 e3 42. Rxb2 1-0

[Event "Qatar Masters Open 2023"]
[Site "Doha QAT"]
[Date "2023.10.19"]
[EventDate "2022.10.11"]
[Round "8.10"]
[Result "1-0"]
[White "D Gukesh"]
[Black "Robby Kevlishvili"]
[WhiteElo "2758"]
[BlackElo "2521"]
[PlyCount "56"]

1. d4 Nf6 2. Bf4 e6 3. e3 c5 4. Nf3 Be7 5. h4 b6 6. Nc3 cxd4 7. Nxd4 O-O 8.
Ndb5 Ne8 9. Qf3 Nc6 10. O-O-O Bb7 11. h5 a6 12. Nd6 Nxd6 13. Bxd6 f5 14.
Qg3 b5 15. Bxe7 Qxe7 16. Qc7 Bc8 17. g4 b4 18. Na4 fxg4 19. Qg3 d5 20. Be2
Rb8 21. Rhg1 Bd7 22. Bxg4 Kh8 23. Kb1 Na7 24. Nc5 Qxc5 25. Bxe6 Qe7 26. h6
gxh6 27. Qe5+ Qf6 28. Rg8+ 1-0

[Event "Qatar Masters Open 2023"]
[Site "Doha QAT"]
[Date "2023.10.20"]
[EventDate "2023.10.11"]
[Round "9.6"]
[Result "0-1"]
[White "Abhijeet Gupta"]
[Black "D Gukesh"]
[WhiteElo "2609"]
[BlackElo "2758"]
[PlyCount "68"]

1. d4 Nf6 2. c4 e6 3. Nf3 d5 4. Nc3 Bb4 5. Bg5 dxc4 6. e4 c5 7. Bxc4 cxd4 8.
Nxd4 Bd7 9. O-O Nc6 10. Rc1 Ne5 11. Bb5 a6 12. Bxd7+ Qxd7 13. Bxf6 gxf6 14. Nce2
Ng6 15. f4 Rg8 16. f5 exf5 17. Qb3 Bd6 18. Nxf5 Be5 19. Rfd1 Qb5 20. Qc2 Ne7 21.
Ned4 Qb6 22. Kh1 Bxd4 23. Qa4+ Nc6 24. Rxd4 Qxb2 25. Rg1 b5 26. Nd6+ Kf8 27.
Nxb5 Qxb5 28. Qa3+ Kg7 29. Rd5 Qb4 30. Qg3+ Kh8 31. Qh4 Qe7 32. Rh5 Rg7 33. Rf1
Rb8 34. h3 Rb2 0-1

[Event "World Rapid 2023"]
[Site "Samarkand UZB"]
[Date "2023.12.26"]
[EventDate "2023.12.26"]
[Round "1.24"]
[Result "1-0"]
[White "Bardiya Daneshvar"]
[Black "D Gukesh"]
[WhiteElo "2470"]
[BlackElo "2656"]
[PlyCount "104"]

1. Nf3 d5 2. g3 c6 3. Bg2 Bg4 4. h3 Bh5 5. c4 e6 6. d4 Nd7 7. cxd5 exd5 8.
Nc3 Bd6 9. O-O Ngf6 10. Nd2 Qc7 11. Qb3 O-O 12. e4 dxe4 13. Ndxe4 Nxe4 14.
Nxe4 Nb6 15. a4 Bg6 16. Nxd6 Qxd6 17. a5 Nd5 18. a6 b6 19. Bd2 Rfe8 20.
Rfe1 Bf5 21. Rac1 Be6 22. Qa4 Rac8 23. Kh2 Qd7 24. Rc2 Ne7 25. h4 h6 26.
Bf4 Nd5 27. Bd2 b5 28. Qa3 Nf6 29. Qc5 Bd5 30. Rxe8+ Rxe8 31. Bxd5 cxd5 32.
Bf4 Qf5 33. Kg2 Kh7 34. f3 Re1 35. Rf2 Kg8 36. Qc3 Qb1 37. Qc8+ Ne8 38. Kh3
Rh1+ 39. Rh2 Qf1+ 40. Kg4 h5+ 41. Kg5 f6+ 42. Kf5 Qd3+ 43. Ke6 Re1+ 44.
Kxd5 Qb3+ 45. Kc6 Re7 46. Qf5 Re6+ 47. Kd7 Kf7 48. Qxh5+ g6 49. Qc5 b4 50.
d5 Qa4+ 51. Kd8 Re1 52. Bh6 Ng7 1-0

[Event "World Rapid 2023"]
[Site "Samarkand UZB"]
[Date "2023.12.26"]
[EventDate "2023.12.26"]
[Round "2.43"]
[Result "1/2-1/2"]
[White "D Gukesh"]
[Black "Grzegorz Nasuta"]
[WhiteElo "2656"]
[BlackElo "2402"]
[PlyCount "66"]

1. d4 d5 2. Nf3 Nf6 3. e3 Bf5 4. c4 c6 5. Nc3 e6 6. Nh4 Be4 7. f3 Bg6 8.
Bd2 Be7 9. Nxg6 hxg6 10. Qc2 Nbd7 11. O-O-O a6 12. g4 dxc4 13. Bxc4 b5 14.
Bxe6 fxe6 15. g5 Nh5 16. Qxg6+ Kf8 17. f4 Nb6 18. Qxe6 b4 19. g6 Ke8 20.
Qf7+ Kd7 21. Ne4 Qg8 22. Nc5+ Kd8 23. Bxb4 Qxf7 24. gxf7 Bxc5 25. Bxc5 Nd7
26. Bd6 Nf8 27. d5 Kd7 28. dxc6+ Ke6 29. Be5 Rc8 30. Rd6+ Kxf7 31. Kb1 Ng3
32. Rg1 Nf5 33. Rd2 Rh7 1/2-1/2

[Event "World Rapid 2023"]
[Site "Samarkand UZB"]
[Date "2023.12.26"]
[EventDate "2023.12.26"]
[Round "3.48"]
[Result "0-1"]
[White "Alisher Suleymenov"]
[Black "D Gukesh"]
[WhiteElo "2440"]
[BlackElo "2656"]
[PlyCount "62"]

1. d4 Nf6 2. c4 e6 3. Nf3 d5 4. g3 Bb4+ 5. Bd2 Be7 6. Bg2 O-O 7. O-O c6 8.
Bf4 Nbd7 9. Nc3 dxc4 10. e4 a5 11. Re1 a4 12. d5 Bb4 13. dxe6 fxe6 14. a3
Bc5 15. Nxa4 Ba7 16. Bd6 b5 17. Bxf8 Qxf8 18. Nc3 Nc5 19. Ne5 Nb3 20. Nxc6
Bxf2+ 21. Kxf2 Ng4+ 22. Kg1 Qc5+ 23. Nd4 e5 24. h3 exd4 25. hxg4 Nxa1 26.
e5 dxc3+ 27. Kh1 Ra6 28. e6 Bxe6 29. Qxa1 Bxg4 30. Bb7 Rh6+ 31. Kg2 Bh3+
0-1

[Event "World Rapid 2023"]
[Site "Samarkand UZB"]
[Date "2023.12.26"]
[EventDate "2023.12.26"]
[Round "4.20"]
[Result "1/2-1/2"]
[White "D Gukesh"]
[Black "Nikita Petrov"]
[WhiteElo "2656"]
[BlackElo "2509"]
[PlyCount "158"]

1. d4 Nf6 2. c4 c6 3. Nf3 d5 4. Nc3 dxc4 5. a4 Bf5 6. Ne5 Nbd7 7. Nxc4 Nb6
8. Ne5 a5 9. e3 Nbd7 10. Nc4 Qc7 11. Be2 e5 12. O-O Be6 13. f4 exd4 14.
exd4 Bb4 15. Ne3 Nb6 16. f5 Bd5 17. Ng4 Bd6 18. h3 O-O-O 19. Bd2 h5 20. Ne3
Kb8 21. Rc1 Qe7 22. Nexd5 Nbxd5 23. Nxd5 Nxd5 24. Rf3 Bb4 25. Bc4 Rhe8 26.
Bxb4 Nxb4 27. Qd2 Qf6 28. Rd1 Re4 29. Rf4 Rdxd4 30. Qxd4 Rxd4 31. Rdxd4 Kc7
32. b3 c5 33. Rd1 Nc6 34. Rf2 Nd4 35. Re1 Kd6 36. Ref1 Kc7 37. Rf4 Qe5 38.
f6 gxf6 39. Rxf6 Qe3+ 40. Kh1 Ne2 41. Rxf7+ Kb8 42. Bxe2 Qxe2 43. R7f4 Qd3
44. R1f3 Qd1+ 45. Kh2 Qd6 46. Kg3 Qg6+ 47. Kh4 Qxg2 48. Kxh5 c4 49. bxc4
Qc2 50. c5 Qxc5+ 51. Rf5 Qb4 52. R3f4 Qd2 53. h4 Qe3 54. Kg5 Qe7+ 55. Kg6
Qe6+ 56. Kg7 Qe7+ 57. Rf7 Qe5+ 58. Kg8 Ka7 59. R7f5 Qe6+ 60. Kg7 Qe7+ 61.
Kg8 Qe8+ 62. Kh7 Qe7+ 63. Rf7 Qe5 64. R4f5 Qe4 65. h5 Qxa4 66. h6 Qe4 67.
Kg8 Qg4+ 68. Kf8 Qb4+ 69. Re7 Qc3 70. Rfe5 Qf3+ 71. Rf7 Qc3 72. Re6 Qc8+
73. Re8 Qc3 74. Kg8 Qc6 75. Ree7 Qxh6 76. Rxb7+ Ka6 77. Ra7+ Kb5 78. Rf5+
Kb4 79. Raxa5 Qe6+ 1/2-1/2

[Event "World Rapid 2023"]
[Site "Samarkand UZB"]
[Date "2023.12.26"]
[EventDate "2023.12.26"]
[Round "5.41"]
[Result "0-1"]
[White "Chongsheng Zeng"]
[Black "D Gukesh"]
[WhiteElo "2577"]
[BlackElo "2720"]
[PlyCount "76"]

1. d4 Nf6 2. c4 e6 3. g3 d5 4. Nf3 Bb4+ 5. Bd2 Be7 6. Bg2 O-O 7. O-O c6 8. Qc2
Nbd7 9. Rd1 a5 10. Bf4 h6 11. Ne5 Nh5 12. Bd2 Nhf6 13. Bf4 a4 14. a3 Qa5 15. Nc3
Nxe5 16. dxe5 Nd7 17. cxd5 exd5 18. e4 dxe4 19. e6 Nc5 20. exf7+ Rxf7 21. Nxe4
Bf5 22. Be3 Nb3 23. Rab1 Bf8 24. Qc4 Re8 25. Re1 Qb5 26. Qxb5 cxb5 27. Bf4 g5
28. Nd6 Rxe1+ 29. Rxe1 gxf4 30. Nxf7 Kxf7 31. Re5 Nd4 32. Bxb7 Bg7 33. Bd5+ Kg6
34. Re7 f3 35. Kf1 Nc2 36. Bf7+ Kf6 37. Rc7 Bh3+ 38. Kg1 Nd4 0-1

[Event "World Rapid 2023"]
[Site "Samarkand UZB"]
[Date "2023.12.27"]
[EventDate "2023.12.26"]
[Round "6.30"]
[Result "1-0"]
[White "D Gukesh"]
[Black "Dmitry Bocharov"]
[WhiteElo "2720"]
[BlackElo "2518"]
[PlyCount "74"]

1. e4 c5 2. Nf3 Nc6 3. Bb5 g6 4. Bxc6 bxc6 5. O-O Bg7 6. Re1 Qc7 7. h3 d6 8. e5
dxe5 9. d3 Nf6 10. Nxe5 Nd5 11. Qe2 O-O 12. c4 Bxe5 13. Qxe5 Qxe5 14. Rxe5 Nb4
15. Nc3 Be6 16. Rxc5 Rfc8 17. Ra5 Nxd3 18. b3 Rd8 19. Be3 a6 20. Rd1 f5 21. f4
Kf7 22. Kf1 Nb4 23. Ke2 Rxd1 24. Nxd1 Rd8 25. Nf2 Bc8 26. Bb6 Rd7 27. Bc5 Nc2
28. Nd3 Nd4+ 29. Kf2 Ke8 30. Ne5 Rd8 31. g3 Ne6 32. Nxc6 Rd2+ 33. Ke1 Rh2 34. h4
Bb7 35. Ne5 Nxc5 36. Rxc5 Rxa2 37. Rc7 1-0

[Event "World Rapid 2023"]
[Site "Samarkand UZB"]
[Date "2023.12.27"]
[EventDate "2023.12.26"]
[Round "7.17"]
[Result "1-0"]
[White "Jakhongir Vakhidov"]
[Black "D Gukesh"]
[WhiteElo "2599"]
[BlackElo "2720"]
[PlyCount "194"]

1. c4 c5 2. g3 g6 3. Bg2 Bg7 4. Nc3 Nc6 5. Nf3 d6 6. O-O Bf5 7. h3 Qd7 8. Kh2
Nf6 9. d3 O-O 10. Be3 Rac8 11. Qd2 Rfd8 12. Rac1 b6 13. Bh6 Bh8 14. Nh4 Ne5 15.
e4 Be6 16. f4 Neg4+ 17. hxg4 Nxg4+ 18. Kh1 Nxh6 19. f5 Ng4 20. fxe6 Qxe6 21. Nf3
Ne5 22. Nd5 Qd7 23. Nxe5 Bxe5 24. Qh6 Bg7 25. Qh4 Re8 26. Bh3 e6 27. Nf6+ Bxf6
28. Rxf6 Kg7 29. Rcf1 Re7 30. R6f3 Rc7 31. b3 Qe8 32. Qf6+ Kg8 33. Rf4 Qf8 34.
Kg2 Qg7 35. Qxg7+ Kxg7 36. R4f2 a6 37. Kh2 b5 38. cxb5 axb5 39. a4 bxa4 40. bxa4
Ra7 41. Ra1 Reb7 42. a5 Rb3 43. Bf1 f5 44. exf5 gxf5 45. d4 cxd4 46. Bc4 Re3 47.
Rd2 d5 48. Bf1 Rb3 49. a6 Rb4 50. Rad1 e5 51. Rc1 e4 52. Rc5 d3 53. Rxd5 Rxa6
54. Rxf5 Rd4 55. Rf4 Rad6 56. Rd1 Rc6 57. Bg2 Rc2 58. Kg1 Re2 59. Bf1 Ra2 60.
Bg2 Re2 61. Kf1 Re3 62. Rg4+ Kf6 63. Rd2 h5 64. Rf4+ Kg5 65. Kf2 Re2+ 66. Rxe2
d2 67. Rxd2 Rxd2+ 68. Kg1 e3 69. Re4 Rd1+ 70. Kh2 e2 71. Re5+ Kg4 72. Rxe2 Rd4
73. Bh3+ Kf3 74. Ra2 h4 75. Ra3+ Ke4 76. g4 Kf4 77. Ra2 Rd3 78. Rf2+ Kg5 79.
Rf5+ Kg6 80. Bg2 Rg3 81. Bh3 Re3 82. Bg2 Rg3 83. Bf3 Kg7 84. Be2 Re3 85. Bf3 Re8
86. Kh3 Rh8 87. Be4 Re8 88. Bd5 Rh8 89. Bf7 Rf8 90. Kxh4 Kh6 91. Bh5 Rb8 92.
Rf6+ Kg7 93. Rf7+ Kg8 94. Rc7 Rb5 95. g5 Rb4+ 96. Bg4 Ra4 97. g6 1-0